000 00904 a2200253 4500
005 20260427121401.0
020 _a9781439804100 (hardcover : alk. paper)
050 0 0 _aQH545.A1
_bLAN 2011
100 1 _aLandis, Wayne G.
245 1 0 _aIntroduction to environmental toxicology :
_bmolecular substructures to ecological landscapes./
_cWayne G. Landis, Ruth M. Sofield, Ming-Ho Yu.
250 _afourth edition
264 _aLondon:
_bCRC Press,
_c2011
300 _a514 pages
_biillustrations(some coloured)
336 _2rdaconted
_atext
_btxt
337 _2rdamedia
_aunmediated
_bn
338 _2rdacarrier
_avolume
_bnc
500 _aIncludes index
504 _aIncludes bibliographical references and index.
650 0 _aPollution.
650 0 _aEnvironmental toxicology.
700 1 _aSofield, Ruth M.
_eauthor
700 1 _aYu, Ming-Ho,
_d1928-
_eauthor
942 _2lcc
_cBK
_e4th
_h545.A1
_iLAN
_kQH
999 _c6420
_d6420